[Francia y España, encuentro en la UE] (Registro nro. 34414)
[ vista simple ]
| 000 -CABECERA | |
|---|---|
| Longitud fija campo de control | 00839naa a2200265 c 4500 |
| 001 - NÚMERO DE CONTROL | |
| Número de control | 34414 |
| 003 - IDENTIFICADOR DE NÚMERO DE CONTROL | |
| Identificador del número de control | ES-MaCES |
| 005 - FECHA Y HORA DE LA ÚLTIMA TRANSACCIÓN | |
| Fecha y hora de la última transacción | 20150929135545.0 |
| 008 - CAMPO FIJO DE DESCRIPCIÓN FIJA--INFORMACIÓN GENERAL | |
| Códigos de información de longitud fija | 041119n2004 sp t 000 | spa d |
| 035 ## - NÚMERO DE CONTROL DEL SISTEMA | |
| Número de control del sistema | CES20040006950v |
| 040 ## - FUENTE DE CATALOGACIÓN | |
| Centro catalogador de origen | ES-MaCES |
| Lengua de catalogación | spa |
| Centro transcriptor | ES-MaCES |
| 245 01 - MENCIÓN DE TÍTULO | |
| Título | [Francia y España, encuentro en la UE] |
| 500 ## - NOTA GENERAL | |
| Nota general | Tít. tomado de la cub. |
| 650 #4 - ASIENTO SECUNDARIO DE MATERIA--TÉRMINO DE MATERIA | |
| Término de materia o nombre geográfico como elemento inicial | España |
| 9 (RLIN) | 26964 |
| 650 #4 - ASIENTO SECUNDARIO DE MATERIA--TÉRMINO DE MATERIA | |
| Término de materia o nombre geográfico como elemento inicial | Francia |
| 9 (RLIN) | 26943 |
| 650 #4 - ASIENTO SECUNDARIO DE MATERIA--TÉRMINO DE MATERIA | |
| Término de materia o nombre geográfico como elemento inicial | relaciones económicas |
| 9 (RLIN) | 26673 |
| 650 #4 - ASIENTO SECUNDARIO DE MATERIA--TÉRMINO DE MATERIA | |
| Término de materia o nombre geográfico como elemento inicial | política |
| 9 (RLIN) | 27246 |
| 650 #4 - ASIENTO SECUNDARIO DE MATERIA--TÉRMINO DE MATERIA | |
| Término de materia o nombre geográfico como elemento inicial | cooperación económica |
| 9 (RLIN) | 29790 |
| 653 10 - TÉRMINO DE INDEXACIÓN--NO CONTROLADO | |
| Término no controlado | Cooperación al desarrollo |
| 650 #4 - ASIENTO SECUNDARIO DE MATERIA--TÉRMINO DE MATERIA | |
| 9 (RLIN) | 26752 |
| Término de materia o nombre geográfico como elemento inicial | UE |
| 773 0# - ENTRADA DE DOCUMENTO FUENTE | |
| Título | Economía exterior |
| Parte(s) relacionada(s) | n. 29 (verano 2004){10625 R. 057398}; 186 p. |
| Número de control del registro relacionado | (ES-MaCES)25630 |
| Itemnumber del ítem fuente | 66465 |
| 902 ## - CES. TIPO DE DOCUMENTO | |
| Tipodoc (006$c Sirtex) | MON Monográfico de revista |
| 942 ## - ELEMENTOS KOHA | |
| Fuente de clasificaión o esquema | Clasificación propia del CES |
| Koha [por defecto] tipo de item | Artículos (1982-2017) |
| Parte de clasificación | 1.2. |
No hay ítems disponibles.
